00317nam a2200133Ia 4500008004100000020001500041041000800056082001200064100001700076245004300093260002500136300000800161650001400169180314s9999 xx 000 0 und d a0195685237 aeng a546 ATK aAtkins Peter 0aShriver and Atkins Inorganic Chemistry aOxfordbLondonc2006 a822 achemistry